000 01135nam a22002777a 4500
005 20171223115747.0
008 100512t xxu||||| |||| 00| 0 eng d
010 _aENG-96048-49
020 _a9788180386169
_c3990.00 (Set Price)
035 _aEN-79581-82
035 _aEN-428037-046
037 _bDBAD/PUB
037 _bAllied/DE2010/CR/2777/16.3.11/280/4.3.11/30.3.11
040 _aDPL
_bEng
082 _a342.54
100 _aJain, M.P.
_920539
245 _aIndian constitutional law :
_cby M.P.Jain
_bwith constitutional documents /
250 _a6th thoroughly rev. & enl. ed
260 _aGurgaon
_bLexisnexis Butterworths
_c2010
270 _a14th Floor, Building No. 10, Tower-B, DLF Cyber city, Phase-II
_bGurgaon
_e122002
300 _a2 v.(ccvi, 1711; ccvi, 3278)p.
_c24cm (Hb)
500 _aIncludes index
505 _aV.1chapter I to XXVIIA ; v.2 chapter XXVIII to XLII and appendix 1 to 29 containing text of Constitution of India and constitutional documents
942 _2ddc
_cEN
_mJAI
_h342.54
999 _c35995
_d35995